00448nam a2200157Ia 4500003000900000008004100009020001800050040001600068080001800084100001700102245007300119260003200192300001500224650003400239700001700273IN-BaIIA211028s9999 xx 000 0 eng d a0-07-100158-1 cIIA Library a681.3:98bCHA aChapra, S. C 0aIntroduction to computing for engineerscR. P Canale and S. C Chapra aNew YorkbMcGraw-Hillc1986 axxi, 707p. aEngineering - data processing aCanale, R. P